MARC details
| 000 -LEADER |
| fixed length control field |
02455cam a2200433 i 4500 |
| 001 - CONTROL NUMBER |
| control field |
200468015 |
| 003 - CONTROL NUMBER IDENTIFIER |
| control field |
TR-AnTOB |
| 005 - DATE AND TIME OF LATEST TRANSACTION |
| control field |
20260410090112.0 |
| 007 - PHYSICAL DESCRIPTION FIXED FIELD--GENERAL INFORMATION |
| fixed length control field |
ta |
| 008 - FIXED-LENGTH DATA ELEMENTS--GENERAL INFORMATION |
| fixed length control field |
260410s1951 nyu 000 p eng |
| 010 ## - LIBRARY OF CONGRESS CONTROL NUMBER |
| LC control number |
51008849 |
| 016 7# - NATIONAL BIBLIOGRAPHIC AGENCY CONTROL NUMBER |
| Record control number |
003937408 |
| Source |
Uk |
|
| Record control number |
(AMICUS)000001172571 |
| 035 ## - SYSTEM CONTROL NUMBER |
| System control number |
(CU-S)b13627831-01ucs_sdi |
|
| System control number |
(OCoLC)00280769 |
| Canceled/invalid control number |
(OCoLC)789627 |
| -- |
(OCoLC)1466605 |
| -- |
(OCoLC)12985637 |
| -- |
(OCoLC)13834504 |
| -- |
(OCoLC)58050053 |
| -- |
(OCoLC)606011679 |
| -- |
(OCoLC)614697568 |
| -- |
(OCoLC)976621387 |
| -- |
(OCoLC)1201929827 |
|
| System control number |
(OCoLC)ocm00280769 |
|
| System control number |
(EXLNZ-01UCS_NETWORK)9912453124306531 |
|
| System control number |
(TR-AnTOB)200468015 |
| 040 ## - CATALOGING SOURCE |
| Original cataloging agency |
DLC |
| Language of cataloging |
eng |
| Description conventions |
rda |
| Transcribing agency |
DLC |
| Modifying agency |
OCL |
| -- |
KSU |
| -- |
OCL |
| -- |
BNG |
| -- |
CQA |
| -- |
BTCTA |
| -- |
OCLCG |
| -- |
STF |
| -- |
EYM |
| -- |
NIALS |
| -- |
GUA |
| -- |
NLGGC |
| -- |
NJJ |
| -- |
IAK |
| -- |
DEBBG |
| -- |
GBT |
| -- |
OCLCF |
| -- |
OCLCQ |
| -- |
EUX |
| -- |
CWS |
| -- |
FJU |
| -- |
TOF |
| -- |
OCLCO |
| -- |
UKMGB |
| -- |
OCLCO |
| -- |
OCLCQ |
| -- |
OCL |
| -- |
TPA |
| -- |
NLC |
| -- |
OCLCQ |
| -- |
MIH |
| -- |
S#L |
| -- |
OCLCO |
| -- |
OCL |
| -- |
CPO |
| -- |
OCLCO |
| -- |
MAN |
| -- |
OCLCO |
| -- |
OCLCL |
| -- |
OCLCQ |
| -- |
ZHC |
| -- |
OCLCL |
| -- |
TR-AnTOB |
| 041 0# - LANGUAGE CODE |
| Language code of text/sound track or separate title |
İngilizce |
| 050 #0 - LIBRARY OF CONGRESS CALL NUMBER |
| Classification number |
PS3545.I544 |
| Item number |
A17 1951 |
| 090 ## - LOCALLY ASSIGNED LC-TYPE CALL NUMBER (OCLC); LOCAL CALL NUMBER (RLIN) |
| Classification number (OCLC) (R) ; Classification number, CALL (RLIN) (NR) |
PS3545.I544 |
| Local cutter number (OCLC) ; Book number/undivided call number, CALL (RLIN) |
A17 1951 |
| 100 1# - MAIN ENTRY--PERSONAL NAME |
| Personal name |
Williams, William Carlos, |
| Dates associated with a name |
1883-1963 |
| Relator term |
author |
| Relator code |
aut |
| Authority record control number or standard number |
http://id.loc.gov/authorities/names/n79060075 |
| 9 (RLIN) |
152996 |
| 245 10 - TITLE STATEMENT |
| Title |
The collected earlier poems of William Carlos Williams. |
| 264 #1 - PRODUCTION, PUBLICATION, DISTRIBUTION, MANUFACTURE, AND COPYRIGHT NOTICE |
| Place of production, publication, distribution, manufacture |
[New York] : |
| Name of producer, publisher, distributor, manufacturer |
New Directions Pub. Corp., |
| Date of production, publication, distribution, manufacture, or copyright notice |
[1951] |
| 300 ## - PHYSICAL DESCRIPTION |
| Extent |
482 pages ; |
| Dimensions |
21 cm |
| 336 ## - CONTENT TYPE |
| Content type term |
text |
| Content type code |
txt |
| Source |
rdacontent |
| 337 ## - MEDIA TYPE |
| Media type term |
unmediated |
| Media type code |
n |
| Source |
rdamedia |
| 338 ## - CARRIER TYPE |
| Carrier type term |
volume |
| Carrier type code |
nc |
| Source |
rdacarrier |
| 500 ## - GENERAL NOTE |
| General note |
"A New Directions book." |
| 505 0# - FORMATTED CONTENTS NOTE |
| Formatted contents note |
The wanderer -- The tempers -- March -- History -- History -- Della primavera trasportata al morale -- An early martyr -- Al que quiere (To him who wants it) -- Fish -- Romance moderne -- Sour grapes -- Paterson -- The flower -- Spring and all -- Struggle of wings -- The descent of winter -- Impromptu: the suckers -- Collected poems 1934 -- An elegy for D.H. Lawrence -- Adam and Eve and the city -- Morning -- The crimson cyclamen -- Recent verse 1938 -- The drunkard. |
| 520 ## - SUMMARY, ETC. |
| Summary, etc. |
The evolution of Williams' style and the further development of the uniquely American poetic tradition is evidenced in works written before World War II. |
| 530 ## - ADDITIONAL PHYSICAL FORM AVAILABLE NOTE |
| Additional physical form available note |
Also issued online. |
| 650 #0 - SUBJECT ADDED ENTRY--TOPICAL TERM |
| Topical term or geographic name entry element |
American poetry |
| Chronological subdivision |
20th century |
| Authority record control number or standard number |
http://id.loc.gov/authorities/subjects/sh85004387 |
| 9 (RLIN) |
79821 |
| 655 #7 - INDEX TERM--GENRE/FORM |
| Genre/form data or focus term |
Poetry |
| Source of term |
lcgft |
| Authority record control number |
http://id.loc.gov/authorities/genreForms/gf2014026481 |
| 9 (RLIN) |
151583 |
| 942 ## - ADDED ENTRY ELEMENTS (KOHA) |
| Source of classification or shelving scheme |
Library of Congress Classification |
| Koha item type |
Book |